000 00773nam a2200253Ia 4500
003 OSt
005 20220928125021.0
006 a|||||r|||| 00| 0
007 ta
008 220927b |||||||| |||| 00| 0 eng d
020 _c6855.5704999999998
024 _a119217
037 _b88, 28/08/2013, Classic Book Service
_cTextual
040 _aSDCL
_cSDCL
_beng
041 _2eng
_aeng
082 _aX65:8:(B), Q3
100 _aPfaff Bernhard
_9467596
245 0 _aFinancial risk modelling and portfolio optimization with R
260 _aChichester
_bWiley
_c2013
300 _axvi;358p.
_ccm.
650 _aFinancial Studies
942 _hX65:8:(B), Q3
_cTEXL
_2CC
999 _c780471
_d780471